Problemas del desarrollo económico (Record no. 122624)

MARC details
000 -LEADER
campo de control de longitud fija 00954nam a2200241 4500
001 - NÚMERO DE CONTROL
campo de control 122624
003 - IDENTIFICADOR DE NÚMERO DE CONTROL
campo de control ES-MaACL
005 - FECHA Y HORA DE LA ÚLTIMA TRANSACCIÓN
campo de control 20230906192019.0
007 - CAMPO FIJO DE DESCRIPCIÓN FÍSICA--INFORMACIÓN GENERAL
campo de control de longitud fija t|
008 - DATOS DE LONGITUD FIJA--INFORMACIÓN GENERAL
campo de control de longitud fija 070214s1969 sp r ||||1| spa d
111 00 - ENTRADA PRINCIPAL--NOMBRE DE CONGRESO/REUNIÓN
Nombre de congreso/reunión o jurisdicción como elemento de entrada Congreso sobre el Desarrollo (
Sede del congreso/Lugar de la reunión Viena (
Fecha del congreso o de la firma del tratado 1962)
9 (RLIN) 578
245 10 - MENCIÓN DEL TÍTULO
Título Problemas del desarrollo económico
Resto del título : ponencias del Congreso sobre el Desarrollo, de la Asociación Internacional de Economía. [Universidad de Viena, septiembre de 1962] /
Mención de responsabilidad, etc. recopilación de E. A. G. Robinson ; [traducción de Mario Estartús].
260 ## - PUBLICACIÓN, DISTRIBUCIÓN, ETC.
Lugar de publicación, distribución, etc. Barcelona :
Nombre del editor, distribuidor, etc. Gustavo Gili,
Fecha de publicación, distribución, etc. 1969.
300 ## - DESCRIPCIÓN FÍSICA
Extensión 2 v. ;
Dimensiones 21 cm.
490 1# - MENCIÓN DE SERIE
Mención de serie Ciencia económica
700 1# - ENTRADA AGREGADA--NOMBRE PERSONAL
Nombre de persona Robinson, E. A. G.
9 (RLIN) 97884
700 1# - ENTRADA AGREGADA--NOMBRE PERSONAL
Nombre de persona Estartus, Mario.
9 (RLIN) 186570
710 2# - ENTRADA AGREGADA--NOMBRE DE ENTIDAD CORPORATIVA
Nombre de entidad corporativa o nombre de jurisdicción como elemento de entrada Asociación Internacional de Economía.
9 (RLIN) 1726
710 2# - ENTRADA AGREGADA--NOMBRE DE ENTIDAD CORPORATIVA
Nombre de entidad corporativa o nombre de jurisdicción como elemento de entrada Universidad de Viena.
9 (RLIN) 7350
830 0# - PUNTO DE ACCESO ADICIONAL DE SERIE-TÍTULO UNIFORME
Título uniforme Ciencia económica
9 (RLIN) 186571
852 ## - LOCALIZACIÓN
Ubicación ES-MaACL
Número de control de estantería C-38608-9
Sublocalización o colección R.72441
Holdings
Estatus retirado Estado de pérdida Estado de daño No para préstamo Biblioteca de origen Biblioteca actual Ubicación en estantería Fecha de adquisición Fuente de adquisición Total de préstamos Signatura topográfica completa Código de barras Visto por última vez Precio de reemplazo Tipo de ítem Koha
        Biblioteca del Ateneo de Madrid Biblioteca del Ateneo de Madrid Depósito 2 17/01/2008     C-38608-9 1127776 23/02/2023 23/02/2023 Libro impreso